000 00724nam a2200253Ia 4500
003 OSt
005 20220926005500.0
006 a|||||r|||| 00| 0
007 ta
008 220923b |||||||| |||| 00| 0 eng d
020 _a856551724
037 _cGeneral Book
040 _aRTL
_cRTL
_beng
041 _2eng
_aeng
082 _aY48-31.243s.N7, L6
100 _aSingh Harjinder
_9263857
245 0 _aAuthority and influence in two Sikh villages
260 _a New Delhi
_bSterling
_c1976
300 _a219p
_ccm.
500 _aBibliography: P 209-16; Appendix: P 165-207
650 _aElites
942 _hY48-31.243s.N7, L6
_cGB
_2CC
999 _c613983
_d613983